00301nam a2200121Ia 4500003000400000005001700004008004100021020001900062040002700081100001600108245003100124260002400155OSt20240311142958.0170523s9999 xx 000 0 und d a978-8177585421 cIIMT UNIVERSITY MEERUT aFinar- I.L. 0aOrganic Chemistry Volume-1 aNew Delhi : Pearson